| 000 | 00909nas a2200325 4500 | ||
|---|---|---|---|
| 001 | BR0303747 | ||
| 003 | BR-BrBNA | ||
| 005 | 20231205103937.0 | ||
| 007 | ta | ||
| 008 | 230509b bl.|||p| |||| 00| 00por d | ||
| 040 |
_aBR-BrBNA _bpor _cBiblioteca Nacional de Agricultura |
||
| 041 | _a(Pt) | ||
| 072 | _aK10 | ||
| 100 | 1 | _aXavier, A. | |
| 100 | 1 | _aSantos, G.A. dos | |
| 100 | 1 | _aWendling, I. | |
| 100 | 1 | _aOliveira, M.L. de | |
| 245 | 1 | _aPropagação vegetativa de cedro-rosa por miniestaquia | |
| 650 | _aCEDRO | ||
| 650 | _aMUDA | ||
| 650 | _aPROPAGAÇÃO VEGETATIVA | ||
| 650 | _aENRAIZAMENTO | ||
| 650 | _aCRESCIMENTO | ||
| 650 | _aESTACA | ||
| 650 | _aREGULADOR DE CRESCIMENTO | ||
| 650 | _aMINAS GERAIS | ||
| 773 | 0 |
_tRevista Árvore (Brazil) _xISSN 0100-6762 _g(Mar-Apr 2003), v. 27(2) p. 139-143 _wBR0303747 |
|
| 909 |
_a202311 _bLúcia _c55 _dLúcia Elande |
||
| 942 |
_2AGRIS _n0 _cANA |
||
| 999 |
_c175567 _d175567 |
||